Name the Hairstyle/Haircut/Hairdo - Statistics

General Stats
  • This quiz has been taken 385 times
    82 since last reset
  • The average score is 10 of 16
Answer Stats
Description Style % Correct
Natural African style Afro
96%
Business in the front, party in the back Mullet
89%
Long hair that is pulled into one or more sections held in a rubber-band or similar Ponytail
89%
Hair that is shaved or buzzed on the sides leaving a strip of hair in the middle, often spiked up Mohawk
86%
Classic short women's hairstyle cut above the shoulders in a blunt cut Bob cut
83%
Any of a variety of short hairstyles usually designed with electric clippers Buzz cut
78%
Women's hairstyle where the hair is pulled into a knot at the back or top of the head Bun
76%
Popularized by African Americans; hair is braided into locks that cling to the head Cornrows
64%
Hair is formed into individual sections, by backcombing, braiding, hand rolling, or locking in the roots Dreadlocks
62%
Women's hairstyle in which long hair is piled up in a conical shape on the top of the head Beehive
57%
A short wispy women's hairstyle Pixie cut
54%
Moe from the Three Stooges' trademark hairstyle Bowl cut
50%
Hair that is parted, using scrunchies, into sections of short hair ending with curls Pigtails
50%
Hair that has been grown out long and 'buzzed' except for a long, thin braid at the top of the neck Rattail
42%
Hair that is curly and kept moist with a curl activator; popular in the 80s with African-Americans like Michael Jackson and Rick James Jheri curl
38%
Hair on the top of the head is cut short, graduated from longest at the front to shortest at the back Crew cut
20%
No matching quizzes found
Score Distribution
Percent of People with Each Score
Percentile by Number Answered
Your Score History
You have not taken this quiz since the last reset